Personnage Mozart l'opéra rock - Statistiques

Statistiques générales
  • Ce quiz a été pris 60 fois
  • Le résultat moyen est 7 sur 9
Statistiques - réponses
Hint Réponse % Correct
Mère de Mozart Anna-Maria Mozart
94%
Père de Mozart Léopold Mozart
94%
Personnage principal Wolfgang Amadeus Mozart
94%
Comédie Tragédie Le clown
88%
Associé de Salieri ,Mozart est là, Mozart est pas là Rosenberg
78%
Ennemie de Mozart Salieri
78%
Femme de Mozart Constance Weber
72%
Premier amour Aloysia Weber
69%
Soeur de Mozart Nannerl Mozart
69%
Aucun quiz correspondant
Distribution des résultats
% des personnes avec chaque résultat
Percentile par nombre de réponses
Votre historique - résultats
Vous n’avez pas pris ce quiz